000 00610nam a2200253Ia 4500
005 20260121154958.0
008 008 260114s9999 xx 000 0 eng d
020 _a9780367821470
037 _aEBOOK
040 _aCRL
040 _beng
040 _cCRL
041 _2eng
041 _aeng
084 _qCRL
100 _a Shashank Kumar
_91013855
245 0 _aClinical Biochemistry and Drug Development
260 _bTaylor and Francis
260 _c2021
856 _uhttp://www.taylorfrancis.com/books/9780367821470
942 _cEBOOK
999 _c1580674
_d1580674